<?xml version="1.0" encoding="UTF-8"?>
<record
    xmlns:xsi="http://www.w3.org/2001/XMLSchema-instance"
    xsi:schemaLocation="http://www.loc.gov/MARC21/slim http://www.loc.gov/standards/marcxml/schema/MARC21slim.xsd"
    xmlns="http://www.loc.gov/MARC21/slim">

  <leader>01509nam a22003017a 4500</leader>
  <controlfield tag="001">1081</controlfield>
  <controlfield tag="005">20250901162121.0</controlfield>
  <datafield tag="020" ind1=" " ind2=" ">
    <subfield code="a">9789995054816</subfield>
  </datafield>
  <datafield tag="040" ind1=" " ind2=" ">
    <subfield code="a">FISKH </subfield>
    <subfield code="b">eng</subfield>
    <subfield code="c">FISKH</subfield>
    <subfield code="d">FISKH </subfield>
  </datafield>
  <datafield tag="082" ind1=" " ind2=" ">
    <subfield code="a">495.9</subfield>
  </datafield>
  <datafield tag="100" ind1=" " ind2=" ">
    <subfield code="a">Dary, Heng </subfield>
  </datafield>
  <datafield tag="245" ind1=" " ind2=" ">
    <subfield code="a">&#x179F;&#x17C0;&#x179C;&#x1797;&#x17C5;&#x179A;&#x17BC;&#x1794;&#x1797;&#x17B6;&#x1796;&#x1780;&#x1798;&#x17D2;&#x1796;&#x17BB;&#x1787;&#x17B6; /</subfield>
  </datafield>
  <datafield tag="246" ind1=" " ind2=" ">
    <subfield code="a">Picture book Cambodia </subfield>
  </datafield>
  <datafield tag="250" ind1=" " ind2=" ">
    <subfield code="a">9th Published in August. </subfield>
  </datafield>
  <datafield tag="260" ind1=" " ind2=" ">
    <subfield code="a">Phnom Penh : </subfield>
    <subfield code="b">Sipar, </subfield>
    <subfield code="c">2021. </subfield>
  </datafield>
  <datafield tag="300" ind1=" " ind2=" ">
    <subfield code="a">22 unnumbered pages : </subfield>
    <subfield code="b">color illustrations, </subfield>
    <subfield code="c">20 x 21 cm. </subfield>
  </datafield>
  <datafield tag="505" ind1=" " ind2=" ">
    <subfield code="a">G 
</subfield>
  </datafield>
  <datafield tag="520" ind1=" " ind2=" ">
    <subfield code="a">&#x1796;&#x178E;&#x17CD;&#x1793;&#x17B6;&#x17A2;&#x17C6;&#x1796;&#x17B8;&#x179A;&#x17BC;&#x1794;&#x1797;&#x17B6;&#x1796;&#x1793;&#x17C3;&#x1791;&#x17B8;&#x1780;&#x1793;&#x17D2;&#x179B;&#x17C2;&#x1784;&#x1798;&#x17BD;&#x1799;&#x1785;&#x17C6;&#x1793;&#x17BD;&#x1793;&#x1793;&#x17C5;&#x1780;&#x17D2;&#x1793;&#x17BB;&#x1784;&#x1794;&#x17D2;&#x179A;&#x1791;&#x17C1;&#x179F;&#x1780;&#x1798;&#x17D2;&#x1796;&#x17BB;&#x1787;&#x17B6;&#x178A;&#x17C2;&#x179B;&#x1798;&#x17B6;&#x1793;&#x178A;&#x17BC;&#x1785;&#x1787;&#x17B6; &#x1791;&#x17B8;&#x1780;&#x17D2;&#x179A;&#x17BB;&#x1784;&#x1797;&#x17D2;&#x1793;&#x17C6;&#x1796;&#x17C1;&#x1789; &#x1797;&#x17C4;&#x1787;&#x1793;&#x17B8;&#x1799;&#x178A;&#x17D2;&#x178B;&#x17B6;&#x1793; &#x1787;&#x1793;&#x1794;&#x1791; &#x1795;&#x17D2;&#x179F;&#x17B6;&#x179A; &#x1794;&#x17D2;&#x179A;&#x17B6;&#x179F;&#x17B6;&#x1791;&#x17A2;&#x1784;&#x17D2;&#x1782;&#x179A;&#x179C;&#x178F;&#x17D2;&#x178F; &#x1793;&#x17B7;&#x1784; &#x179C;&#x178F;&#x17D2;&#x178F;&#x17D4;</subfield>
  </datafield>
  <datafield tag="520" ind1=" " ind2=" ">
    <subfield code="a">The picture of some places in Cambodia such as Phnom Penh city, restaurant, countryside, market, Angkor Wat temple, and pagoda were introduced.</subfield>
  </datafield>
  <datafield tag="521" ind1=" " ind2=" ">
    <subfield code="a">350 </subfield>
    <subfield code="b">Lexile estimate </subfield>
  </datafield>
  <datafield tag="521" ind1=" " ind2=" ">
    <subfield code="a">G 
</subfield>
    <subfield code="b">Raz-Plus 
</subfield>
  </datafield>
  <datafield tag="650" ind1=" " ind2=" ">
    <subfield code="a">&#x1797;&#x17D2;&#x1793;&#x17C6;&#x1796;&#x17C1;&#x1789;</subfield>
    <subfield code="v">&#x1795;&#x17D2;&#x179F;&#x17B6;&#x179A;</subfield>
    <subfield code="x">&#x1797;&#x17C4;&#x1787;&#x1793;&#x17B7;&#x1799;&#x17CD;&#x178A;&#x17D2;&#x178B;&#x17B6;&#x1793;</subfield>
  </datafield>
  <datafield tag="650" ind1=" " ind2=" ">
    <subfield code="a">&#x1794;&#x17D2;&#x179A;&#x179F;&#x17B6;&#x1791;&#x17A2;&#x1784;&#x17D2;&#x1782;&#x179A;</subfield>
    <subfield code="v">&#x1787;&#x17B6;&#x1799;&#x1780;&#x17D2;&#x179A;&#x17BB;&#x1784;</subfield>
    <subfield code="x">&#x179C;&#x178F;&#x17D2;&#x178F;&#x17A2;&#x17B6;&#x179A;&#x17B6;&#x1798;</subfield>
  </datafield>
  <datafield tag="650" ind1=" " ind2=" ">
    <subfield code="a">Phnom Penh</subfield>
    <subfield code="v">Market</subfield>
    <subfield code="x">Restaurant </subfield>
  </datafield>
  <datafield tag="650" ind1=" " ind2=" ">
    <subfield code="a">Angkor </subfield>
    <subfield code="v">countryside </subfield>
    <subfield code="x">Pagoda</subfield>
  </datafield>
  <datafield tag="700" ind1=" " ind2=" ">
    <subfield code="a">Sophaleap, Nhoek </subfield>
    <subfield code="c">illustrator</subfield>
  </datafield>
  <datafield tag="942" ind1=" " ind2=" ">
    <subfield code="2">ddc</subfield>
    <subfield code="c">BK</subfield>
    <subfield code="n">0</subfield>
  </datafield>
  <datafield tag="999" ind1=" " ind2=" ">
    <subfield code="c">1081</subfield>
    <subfield code="d">1081</subfield>
  </datafield>
  <datafield tag="952" ind1=" " ind2=" ">
    <subfield code="0">0</subfield>
    <subfield code="1">0</subfield>
    <subfield code="2">ddc</subfield>
    <subfield code="4">0</subfield>
    <subfield code="7">0</subfield>
    <subfield code="8">Khmer-English Bilingual </subfield>
    <subfield code="a">001</subfield>
    <subfield code="b">001</subfield>
    <subfield code="c">KHRS</subfield>
    <subfield code="d">2023-07-21</subfield>
    <subfield code="l">0</subfield>
    <subfield code="o">DAR 495.9</subfield>
    <subfield code="p">2023-0136</subfield>
    <subfield code="r">2025-08-29 14:42:14</subfield>
    <subfield code="t">1</subfield>
    <subfield code="w">2023-07-21</subfield>
    <subfield code="y">KHB</subfield>
  </datafield>
  <datafield tag="952" ind1=" " ind2=" ">
    <subfield code="0">0</subfield>
    <subfield code="1">0</subfield>
    <subfield code="2">ddc</subfield>
    <subfield code="4">0</subfield>
    <subfield code="7">0</subfield>
    <subfield code="8">Khmer-English Bilingual </subfield>
    <subfield code="a">001</subfield>
    <subfield code="b">001</subfield>
    <subfield code="c">KHRS</subfield>
    <subfield code="d">2023-07-21</subfield>
    <subfield code="l">0</subfield>
    <subfield code="o">DAR 495.9 </subfield>
    <subfield code="p">2023-0137</subfield>
    <subfield code="r">2023-07-21 10:10:05</subfield>
    <subfield code="t">2</subfield>
    <subfield code="w">2023-07-21</subfield>
    <subfield code="y">KHB</subfield>
  </datafield>
  <datafield tag="952" ind1=" " ind2=" ">
    <subfield code="0">0</subfield>
    <subfield code="1">0</subfield>
    <subfield code="2">ddc</subfield>
    <subfield code="4">0</subfield>
    <subfield code="7">0</subfield>
    <subfield code="8">Khmer-English Bilingual </subfield>
    <subfield code="a">001</subfield>
    <subfield code="b">001</subfield>
    <subfield code="c">OKHR</subfield>
    <subfield code="d">2024-06-27</subfield>
    <subfield code="l">0</subfield>
    <subfield code="o">DAR 495.9 </subfield>
    <subfield code="p">FISTKKA127</subfield>
    <subfield code="r">2024-06-27 11:15:20</subfield>
    <subfield code="t">3</subfield>
    <subfield code="w">2024-06-27</subfield>
    <subfield code="y">KHB</subfield>
  </datafield>
  <datafield tag="952" ind1=" " ind2=" ">
    <subfield code="0">0</subfield>
    <subfield code="1">0</subfield>
    <subfield code="2">ddc</subfield>
    <subfield code="4">0</subfield>
    <subfield code="7">0</subfield>
    <subfield code="8">Khmer-English Bilingual </subfield>
    <subfield code="a">001</subfield>
    <subfield code="b">001</subfield>
    <subfield code="c">OKHR</subfield>
    <subfield code="d">2024-06-27</subfield>
    <subfield code="l">0</subfield>
    <subfield code="o">DAR 495.9 </subfield>
    <subfield code="p">2024-0902</subfield>
    <subfield code="r">2024-07-01 08:15:11</subfield>
    <subfield code="t">4</subfield>
    <subfield code="w">2024-06-27</subfield>
    <subfield code="y">KHB</subfield>
  </datafield>
  <datafield tag="952" ind1=" " ind2=" ">
    <subfield code="0">0</subfield>
    <subfield code="1">0</subfield>
    <subfield code="2">ddc</subfield>
    <subfield code="4">0</subfield>
    <subfield code="7">0</subfield>
    <subfield code="8">Khmer-English Bilingual </subfield>
    <subfield code="a">001</subfield>
    <subfield code="b">001</subfield>
    <subfield code="c">OKHR</subfield>
    <subfield code="d">2024-06-27</subfield>
    <subfield code="l">1</subfield>
    <subfield code="o">DAR 495.9 </subfield>
    <subfield code="p">FISBK03499</subfield>
    <subfield code="q">2025-06-04</subfield>
    <subfield code="r">2025-05-21 15:25:10</subfield>
    <subfield code="s">2025-05-21</subfield>
    <subfield code="t">5</subfield>
    <subfield code="w">2024-06-27</subfield>
    <subfield code="y">KHB</subfield>
  </datafield>
  <datafield tag="952" ind1=" " ind2=" ">
    <subfield code="0">0</subfield>
    <subfield code="1">0</subfield>
    <subfield code="2">ddc</subfield>
    <subfield code="4">0</subfield>
    <subfield code="7">0</subfield>
    <subfield code="8">Khmer-English Bilingual </subfield>
    <subfield code="a">001</subfield>
    <subfield code="b">001</subfield>
    <subfield code="c">OKHR</subfield>
    <subfield code="d">2024-06-27</subfield>
    <subfield code="l">2</subfield>
    <subfield code="o">DAR 495.9 </subfield>
    <subfield code="p">FISTK03484</subfield>
    <subfield code="r">2025-11-13 14:38:18</subfield>
    <subfield code="s">2025-08-22</subfield>
    <subfield code="t">6</subfield>
    <subfield code="w">2024-06-27</subfield>
    <subfield code="y">KHB</subfield>
  </datafield>
  <datafield tag="952" ind1=" " ind2=" ">
    <subfield code="0">0</subfield>
    <subfield code="1">0</subfield>
    <subfield code="2">ddc</subfield>
    <subfield code="4">0</subfield>
    <subfield code="7">0</subfield>
    <subfield code="8">Khmer-English Bilingual </subfield>
    <subfield code="a">002</subfield>
    <subfield code="b">002</subfield>
    <subfield code="c">TTP Khmer</subfield>
    <subfield code="d">2024-07-12</subfield>
    <subfield code="l">1</subfield>
    <subfield code="o">DAR 495.9 </subfield>
    <subfield code="p">FISBK05418</subfield>
    <subfield code="r">2024-12-04 14:42:16</subfield>
    <subfield code="s">2024-08-13</subfield>
    <subfield code="t">7</subfield>
    <subfield code="w">2024-07-12</subfield>
    <subfield code="y">KHB</subfield>
  </datafield>
  <datafield tag="952" ind1=" " ind2=" ">
    <subfield code="0">0</subfield>
    <subfield code="1">0</subfield>
    <subfield code="2">ddc</subfield>
    <subfield code="4">0</subfield>
    <subfield code="7">0</subfield>
    <subfield code="8">Khmer-English Bilingual </subfield>
    <subfield code="a">001</subfield>
    <subfield code="b">001</subfield>
    <subfield code="c">OKHR</subfield>
    <subfield code="d">2024-07-12</subfield>
    <subfield code="l">0</subfield>
    <subfield code="o">DAR 495.9 </subfield>
    <subfield code="p">FISBK072716</subfield>
    <subfield code="r">2024-07-12 15:17:00</subfield>
    <subfield code="t">8</subfield>
    <subfield code="w">2024-07-12</subfield>
    <subfield code="y">KHB</subfield>
  </datafield>
</record>
